Statistieken voor Hoofdsteden van Oceanië Quiz

Klik hier om de quiz te nemen!

Algemene statistieken

  • Deze quiz is 2.345 keer genomen
  • De gemiddelde score is 8 van 14

Antwoorden op de kaart

Antwoorden kleurgecodeerd door een groen-rode schaal op de quizkaart volgens % correct hieronder.
 

Antwoordstatistieken

LandHoofdstad% Correct
AustraliëCanberra
98%
Nieuw-ZeelandWellington
89%
Papoea-Nieuw-GuineaPort Moresby
63%
FijiSuva
61%
SamoaApia
54%
VanuatuPort Vila
53%
NauruYaren
53%
TuvaluFunafuti
51%
KiribatiZuid-Tarawa
51%
TongaNuku'alofa
48%
MicronesiaPalikir
48%
SalomonseilandenHoniara
47%
MarshalleilandenMajuro
46%
PalauNgerulmud
45%

Scoreverdeling

Percentiel versus Aantal Correcte Antwoorden

Procent van Mensen met Elke Score

Uw Scoregeschiedenis

U heeft deze quiz nog niet genomen